000 00533nam a22002057a 4500
003 NUST
005 20211022105058.0
008 210302b ||||| |||| 00| 0 eng d
020 _a 8131708128
038 _akhadija
082 _a621.38152
_bSTR
100 _aStreetman G. Ben
_935775
245 _aSolid State Electronics Devices/
_cBen G. Streetman & Sanjay Kumar Banerjee
250 _a6th
260 _aNew Delhi.
_bPearson,
_c2008
300 _a581. p :
500 _aPaperback.
563 _apaperback
942 _cBK
_2ddc
999 _c31542
_d31542